Statistics for The 100 Largest Cities in California

Click here to take the quiz!

General Stats

  • This quiz has been taken 3,677 times
  • The average score is 47 of 100

Answer Stats

HintAnswer% Correct
1Los Angeles
97%
2San Diego
96%
4San Francisco
95%
3San Jose
93%
7Sacramento
92%
5Fresno
89%
8Oakland
88%
6Long Beach
85%
9Bakersfield
84%
10Anaheim
82%
12Riverside
81%
82Santa Barbara
77%
11Santa Ana
75%
17San Bernardino
74%
13Stockton
72%
16Irvine
71%
40Pasadena
71%
18Modesto
68%
14Chula Vista
67%
80Santa Monica
63%
23Huntington Beach
62%
19Oxnard
61%
52Berkeley
60%
15Fremont
60%
41Orange
60%
48Santa Clara
60%
26Santa Rosa
60%
24Santa Clarita
59%
27Oceanside
57%
63Burbank
55%
22Glendale
55%
56Ventura
55%
29Ontario
54%
79Redding
51%
43Thousand Oaks
51%
71Compton
50%
20Fontana
49%
32Palmdale
49%
38Escondido
48%
30Lancaster
48%
35Pomona
48%
34Salinas
48%
42Fullerton
47%
100Napa
47%
28Rancho Cucamonga
47%
36Torrance
47%
33Corona
46%
70San Mateo
46%
65Daly City
45%
49Vallejo
45%
37Hayward
44%
21Moreno Valley
44%
67Santa Maria
44%
44Visalia
44%
55Inglewood
43%
59Carlsbad
42%
95Merced
42%
85Newport Beach
42%
45Simi Valley
42%
83Chico
41%
66Temecula
40%
46Concord
39%
31Elk Grove
39%
25Garden Grove
39%
61Richmond
39%
39Sunnyvale
38%
47Roseville
37%
50Victorville
37%
97Chino
35%
53Downey
34%
68El Cajon
34%
57West Covina
34%
64Antioch
33%
54Costa Mesa
33%
60Fairfield
31%
76Vacaville
31%
74Vista
31%
51El Monte
29%
92Livermore
28%
58Norwalk
27%
69Rialto
27%
86San Leandro
27%
72Clovis
26%
75Mission Viejo
26%
91Tracy
26%
77Carson
25%
62Murrieta
25%
88San Marcos
24%
94Lakewood
23%
81Westminster
23%
90Alhambra
22%
84Whittier
22%
93Buena Park
20%
96Hemet
20%
78Hesperia
20%
87Hawthorne
19%
99Lake Forest
18%
89Citrus Heights
16%
73South Gate
15%
98Menifee
13%

Score Distribution

Percentile by Number Answered

Percent of People with Each Score

Your Score History

You have not taken this quiz